000 00598nam a22002057a 4500
999 _c7761
_d7761
003 OSt
005 20220301133523.0
008 220301b ||||| |||| 00| 0 eng d
020 _a9780230517851
040 _cDDC
082 _a304.8 CAS 2009
100 _aCastles, Stephen : Miller , Mark j
_915824
245 _aThe age of migration
_b: international population movements in the modern world
250 _a4th ed.rev.
260 _aNew york
_b: Palgrave Macmillan
_c, 2009
300 _axvi,369p.
_c; 24 cm
504 _aBibliography Index
610 _aMigration
_915825
942 _2ddc
_cBOOK